000 01000cam a22003017a 4500
003 CHAP
005 20220329134802.0
008 971013s1977 r 00010 d
010 _a25883
011 _a26855
035 _a30956
040 _cCHAP
090 _aFolleto 3866
111 0 0 _aConferencia de las Naciones Unidas sobre la Desertificación. Secretaría.
_926455
245 0 _aPlan de acción para combatir la desertificación
_b: segundo anteproyecto
260 _a(México :
_bComisión de Estudios del Territorio Nacional),
_c(1977)
300 _a47 p.
590 _aBATCH-UPD
_b10
_c20130110
_lUCH01
_h1432
590 _aBATCH-UPD
_b10
_c20130410
_lUCH01
_h0908
590 _aBATCH-UPD
_b10
_c20130914
_lUCH01
_h1032
590 _aCONVERSION
_b10
_c20130109
_lUCH01
_h1315
650 1 4 _aDesiertos.
_932143
650 1 4 _aErosión.
_937335
650 1 4 _aTierras
_xRecuperación de.
_9113120
901 _aBK
942 _cFOLL
949 _aFolleto 3866
_bBC
_cFOLL
_d-71670
_eTS1
_i30956
_mD
_si
999 _c25883
_d25883